000 00290nam a22001217a 4500
008 180522b xxu||||| |||| 00| 0 eng d
041 _aeng
080 _a043.3
100 _a0
101 _aSHKI-BTH
245 _aKrahasimi në mes të APACHE CORDOVA dhe XAMARIN
_cKoci,B
942 _2udc
_cBK
999 _c46233
_d46233